000
00309nam a22001217a 4500
040
_c
Nust
082
_a
297.7
_b
ASH
100
_a
Maulana Ashraf Ali Thanvi
_9
114492
245
_a
بہشتی زیور
260
_a
Lahore:
_b
Maktaba Rehmania,
_c
1995.
650
_a
بہشتی زیور
_9
121343
942
_2
ddc
_c
BK
999
_c
612531
_d
612531